header

Nabongo Mumia of the Baluyia (Record no. 259238)

MARC details
000 -LEADER
fixed length control field 00306nam a22001337a 4500
003 - CONTROL NUMBER IDENTIFIER
control field OSt
005 - DATE AND TIME OF LATEST TRANSACTION
control field 20220919144310.0
008 - FIXED-LENGTH DATA ELEMENTS--GENERAL INFORMATION
fixed length control field 220919b xxu||||| |||| 00| 0 eng d
040 ## - CATALOGING SOURCE
Transcribing agency N/A
100 ## - MAIN ENTRY--PERSONAL NAME
Personal name John Osogo
245 ## - TITLE STATEMENT
Title Nabongo Mumia of the Baluyia
260 ## - PUBLICATION, DISTRIBUTION, ETC. (IMPRINT)
Place of publication, distribution, etc Nairobi
Name of publisher, distributor, etc KLB
Date of publication, distribution, etc 1988
942 ## - ADDED ENTRY ELEMENTS (KOHA)
Source of classification or shelving scheme Library of Congress Classification
Koha item type Long Loan Books
Holdings
Withdrawn status Lost status Source of classification or shelving scheme Damaged status Not for loan Collection code Home library Current library Shelving location Date acquired Total Checkouts Full call number Barcode Date last seen Date checked out Price effective from Koha item type
    Library of Congress Classification     Non-fiction Rongo University Library Rongo University Library General Stacks 19/09/2022 2 DT433.572.M85O83 1988 202200165 23/03/2025 12/03/2025 19/09/2022 Long Loan Books
    Library of Congress Classification     Non-fiction Rongo University Library Rongo University Library General Stacks 19/09/2022   DT433.572.M85O83 1988 202200166 19/09/2022   19/09/2022 Long Loan Books

© 2026 Rongo University
Contact us: librarian | system librarian | Rongo university